| 000 | 00762nam a2200241 c 4500 | ||
|---|---|---|---|
| 001 | 000030431 | ||
| 003 | RuMoIPM | ||
| 005 | 20260428114303.0 | ||
| 008 | 190305s1967 ru a||||||||||||||||rus d | ||
| 035 | _a(RuMoBEN) 001762981 | ||
| 035 | _a(RuMoBEN-CBP Bibliobus) 117632 | ||
| 040 |
_aRuMoBEN _brus _ercr |
||
| 041 | _arus | ||
| 044 | _aru | ||
| 080 | _a51(075.8) | ||
| 100 | 1 | _aМышкис, Анатолий Дмитриевич | |
| 245 | 0 | 0 |
_aЛекции по высшей математике _b[учебное пособие для втузов] _cА. Д. Мышкис |
| 250 | _a2-е изд., перераб. | ||
| 260 |
_aМосква _bНаука _c1967 |
||
| 300 |
_a640 с. _bил. |
||
| 504 | _aБиблиогр.: с. 630-631 | ||
| 942 | _cBK | ||
| 999 |
_c30431 _d30431 |
||